D'un prénom à un autre (click quiz) - Statistiques

Statistiques générales
  • Ce quiz a été pris 137 fois
  • Le résultat moyen est 13 sur 14
Statistiques - réponses
Hint Réponse % Correct
Séréna Arsène
96%
Odin Dino
96%
Rona Nora
96%
Gerda Edgar
95%
Noël Léon
94%
Marion Romain
93%
Carmel Marcel
92%
Eros Rose
92%
Bela Abel
91%
Coline Nicole
91%
Aël Léa
90%
Célia Alice
89%
Mira Irma
89%
Amira Maria
82%
Aucun quiz correspondant
Distribution des résultats
% des personnes avec chaque résultat
Percentile par nombre de réponses
Votre historique - résultats
Vous n’avez pas pris ce quiz